Central Library OPAC University of Rajshahi

A concordance to the works of Alexander Pope / (Record no. 62534)

MARC details
000 -LEADER
fixed length control field 00839nam a2200229 a 4500
001 - CONTROL NUMBER
control field 62534
003 - CONTROL NUMBER IDENTIFIER
rucl marc code BD-RjUL
005 - DATE AND TIME OF LATEST TRANSACTION
control field 20211209081109.0
008 - FIXED-LENGTH DATA ELEMENTS--GENERAL INFORMATION
fixed length control field 170124s1965 nyu 000 0 eng d
035 ## - SYSTEM CONTROL NUMBER
System control number (BD-RjUL)62660
040 ## - CATALOGING SOURCE
Original cataloging agency ANL
Language of cataloging eng
Transcribing agency ANL
Modifying agency NU
-- BD-RjUL
041 ## - LANGUAGE CODE
Language code of text/sound track or separate title eng
082 ## - DEWEY DECIMAL CLASSIFICATION NUMBER
Edition number 23
Classification number 821
Author mark and year ABC 1965
100 1# - MAIN ENTRY--PERSONAL NAME
Personal name Abbott, Edwin,
Dates associated with a name 1808-1882.
9 (RLIN) 185909
245 12 - TITLE STATEMENT
Title A concordance to the works of Alexander Pope /
Statement of responsibility, etc. by Edwin Abbott, with an introduction by Edwin A. Abbott.
260 ## - PUBLICATION, DISTRIBUTION, ETC. (IMPRINT)
Place of publication, distribution, etc. New York :
Name of publisher, distributor, etc. Appleton,
Date of publication, distribution, etc. 1875 ;
Place of publication, distribution, etc. New York :
Name of publisher, distributor, etc. Kraus Reprint Corp.,
Date of publication, distribution, etc. 1965.
300 ## - PHYSICAL DESCRIPTION
Pagination xviii, 365 p. :
Size 25 cm.
600 10 - SUBJECT ADDED ENTRY--PERSONAL NAME
Personal name Pope, Alexander,
Dates associated with a name 1688-1744
General subdivision Concordances.
650 #0 - SUBJECT ADDED ENTRY--TOPICAL TERM
Topical term or geographic name as entry element English language
Chronological subdivision 18th century
General subdivision Glossaries, vocabularies, etc.
9 (RLIN) 185911
700 1# - ADDED ENTRY--PERSONAL NAME
Personal name Abbott, Edwin Abbott,
Dates associated with a name 1838-1926.
942 ## - ADDED ENTRY ELEMENTS (KOHA)
Source of classification or shelving scheme Dewey Decimal Classification
Koha item type Books
Holdings
Lost status Source of classification or shelving scheme Damaged status Not for loan Collection code Permanent Location Current Location Shelving location Date acquired Source of acquisition Cost, normal purchase price Total Checkouts Full call number Date last seen Copy number Koha item type
  Dewey Decimal Classification   Not For Loan Non-fiction Central Library, University of Rajshahi Central Library, University of Rajshahi Reading Room 05/11/1968 Zeithlinger 143.00   821 ABC 1965 24/01/2017 C-1 Books